Sports Quiz

Random Sports or NFL Quiz

NFL Players with Multiple MVPs Quiz Stats

Quiz Updated Nov 17, 2016

Challenge
Share
Tweet
Embed
Score 0/9 Timer 02:00
0 Plays Today
Seasons Named MVP Player % Correct
2003, 2004, 2008, 2009, 2013Peyton Manning
98.7%
2007, 2010Tom Brady
93%
1995, 1996, 1997Brett Favre
82.4%
1989, 1990Joe Montana
78.3%
2011, 2014Aaron Rodgers
72.9%
1992, 1994Steve Young
68.3%
1999, 2001Kurt Warner
54.6%
1959, 1964, 1967Johnny Unitas
53.9%
1957, 1958, 1965Jim Brown
51.4%

You're not logged in!

Compare scores with friends on all Sporcle quizzes.
Sign Up with Email
OR
Log In

You Might Also Like...

Show Comments

Extras

Top Quizzes Today


Score Distribution

Your Account Isn't Verified!

In order to create a playlist on Sporcle, you need to verify the email address you used during registration. Go to your Sporcle Settings to finish the process.